Pintura mural mexicana : Orozco, Rivera, Siqueiros /

José Clemente Orozco (1883-1949) es uno de los tres grandes muralistas mexicanos -Rivera y Siqueiros son los otros-, cuya propuesta estética, arraigada en el nacionalismo posrevolucionario, transformó la plástica mexicana. Creador de murales mundialmente famosos, como los del Instituto Cultural Caba...

תיאור מלא

שמור ב:
מידע ביבליוגרפי
מחבר ראשי: Rochfort, Desmond (autor)
פורמט: ספר
שפה:ספרדית
יצא לאור: México : Limusa, 1993, c1993
נושאים:
תגים: הוספת תג
אין תגיות, היה/י הראשונ/ה לתייג את הרשומה!

MARC

LEADER 00000nam^a2200000^a^4500
001 000184818
005 20250521000000.0
009 20260310102130.217
020 |a 96818-4695-8 
037 |a Acervo ITESO - Biblioteca 
041 |a ESP 
082 |a 759. 97206  |b ORO ROC 
100 |a Rochfort, Desmond  |e (autor) 
245 1 0 |a Pintura mural mexicana :  |b Orozco, Rivera, Siqueiros /  |c D. Rochfort ; tr. por Rodolfo Piña García. 
264 4 |a México :  |b Limusa,  |c 1993, c1993 
300 |a 240 p. 
336 |a texto  |b txt  |2 rdacontenido 
337 |a sin mediación  |b n  |2 rdamedio 
338 |a volumen  |b nc  |2 rdasoporte 
500 |a Traducción de: Mexican Muralists 
520 |a José Clemente Orozco (1883-1949) es uno de los tres grandes muralistas mexicanos -Rivera y Siqueiros son los otros-, cuya propuesta estética, arraigada en el nacionalismo posrevolucionario, transformó la plástica mexicana. Creador de murales mundialmente famosos, como los del Instituto Cultural Cabañas y el Paraninfo de la Universidad de Guadalajara o los del Colegio de San Ildefonso en la ciudad de México. Autor de una obra de gran fuerza, donde expresa su sentido trágico de la vida. El presente texto describe el movimiento mural mexicano (1920-1970), esbozando la carrera de los artistas más destacados: José Clemente Orozco, Diego Rivera y David Alfaro Siqueiros a través de la historia de México. 
649 |a XX 
650 |a Pintores Jaliscienses 
650 |a Pintores Mexicanos 
650 |a Artistas Jaliscienses 
650 |a Artistas Mexicanos 
650 |a Nacionalismo en la Pintura 
650 |a Nacionalismo en el Arte 
650 |a Pintura Mural -  |z Guadalajara, Jalisco -  |x Historia y Crítica 
650 |a Pintura Mural -  |z Jalisco -  |x Historia y Crítica 
650 |a Pintura Mural -  |z México (Ciudad) -  |x Historia y Crítica 
650 |a Pintura Mural -  |z México -  |x Historia y Crítica -  |x Tema Principal 
650 |a Pintura Jalisciense -  |y Siglo XX 
650 |a Pintura Jalisciense -  |x Historia y Crítica 
650 |a Pintura Mexicana -  |y Siglo XX 
650 |a Pintura Mexicana -  |x Historia y Crítica 
650 |a Arte Jalisciense -  |y Siglo XX 
650 |a Arte Jalisciense -  |x Historia y Crítica 
650 |a Arte Mexicano -  |y Siglo XX 
650 |a Arte Mexicano -  |x Historia y Crítica 
650 |a Orozco, José Clemente 
650 |a Rivera, Diego 
650 |a Siqueiros 
910 |a Fondo Julio de la Peña Lomelín 
920 |a Impresos - Libros 
930 |a Arquitectos Jaliscienses 
905 |a 115 
901 |a 0500125836  |b IT1  |c JAL  |u 20250521 
902 |a https://opac.biblio.iteso.mx/vufind/Record/000184818